00885nam a2200217 a 450000100100000000500170001000800410002704000250006808200180009324500830011126000740019430000210026849000410028965000410033065000430037170000350041483000480044991000370049795201160053499900170065000004014520201002033938.0130808s1986 cu 000 p spa d aDO-SdBNPbspacBNPHU aB869.1bP745b00aPoesía brasileña siglo XX /cselección , prólogo y notas Helio Orovio. aEl Vedado, Ciudad de La Habana, Cuba :bCasa de las América,c1986. a320 p. ;c19 cm.1 aLa honda casa de las Américas Cuba 4aPoesía brasileñaySIGLO XX94715 4aLiteratura brasileñaySIGLO XX9471612aOrovio, Helio,epról.942787 0aLa honda casa de las Américas Cuba966417 aValidado. Control de calidad MFF 001050718MOaGRbGRcHDd2013-08-08iLF1l0oB869.1 P745bp40145-10r2020-06-25w2020-06-25y1ZNo se presta c39635d39635